Online and CD-ROM databases in school libraries

Gespeichert in:
Bibliographische Detailangaben
Format: Buch
Sprache:Englisch
Veröffentlicht: Englewood : Libraries Unlimited, 1989
Tags: Tag hinzufügen
Keine Tags, Fügen Sie das erste Tag hinzu!

MARC

LEADER 00000nam a22000003a 4500
001 stu27275
005 20141122065018.9
008 940118s1989----xxu-----------------eng-d
020 |a 0-87287-756-6 
040 |a STU  |b slo 
041 0 |a eng 
044 |a xxu 
080 |a 025.5 
245 |a Online and CD-ROM databases in school libraries 
260 |a Englewood :  |b Libraries Unlimited,  |c 1989 
300 |a 20,375 s 
996 |b 284V001481  |c V*41971/O-17891  |l VVT  |s A  |a 24  |w stu27275_0001